| 000 | 02244cam a22004454i 4500 | ||
|---|---|---|---|
| 003 | PE-LiUPU | ||
| 005 | 20250731173318.0 | ||
| 008 | 150625s2004 flu r 000 0 spa d | ||
| 020 | _a0829744134 | ||
| 035 | _a(Sirsi) i9780829744132 | ||
| 040 |
_aPE-LiUPU _bspa _cPE-LiUPU _erda |
||
| 049 | _aPRUA | ||
| 082 | 0 | 4 |
_a241.66 _bH28 _221 |
| 100 | 1 |
_aHayford, Jack, _eautor. |
|
| 245 | 1 | 0 |
_aAtracción Fatal : _bpor qué el pecado sexual es peor que otros pecados / _cJack Hayford. |
| 264 | 1 |
_aMiami, Florida : _bEditorial Vida, _c2004. |
|
| 300 |
_a157 páginas ; _c21 centímetros |
||
| 336 |
_atext _2rdacontent |
||
| 337 |
_aunmediated _2rdamedia |
||
| 338 |
_avolume _2rdacarrier |
||
| 505 | 0 | _a¿Podemos hablar? -- Los pecados sexuales corrompen la raíz de la identidad individual -- Los pecados sexuales se aprovechan de las emociones más profundas -- Los pecados sexuales contaminan la fuente de la creatividad -- Los pecados sexuales producen culpa que desgastan la confianza y la autoridad -- Los pecados sexuales comprometen la relación humana más íntima: el matrimonio -- Los pecados sexuales nos exponen al riesgo de concebir a un ser humano desvalido -- Los pecados sexuales aumentan la probabilidad de propagación de enfermedades -- Los pecados sexuales despiertan apetitos que provocan más comportamientos inmorales. --Los pecados sexuales resquebrajan la confianza en toso el cuerpo de Cristo -- Los pecados sexuales son una afrenta al señorio de Jesucristo -- Hay esperanza para el mañana. | |
| 526 | _aSEG42 | ||
| 526 | _aSEG41 | ||
| 526 | _aSEG40 | ||
| 526 | _aSEG39 | ||
| 526 | _aP94 | ||
| 526 | _aP87 | ||
| 526 | _aP86 | ||
| 526 | _aP85 | ||
| 526 | _aP77 | ||
| 526 | _aP76 | ||
| 526 | _aP35 | ||
| 541 | _g001-0000164; | ||
| 650 | 1 | 4 |
_aSexo _xCristianismo. |
| 942 |
_2ddc _cBOOK |
||
| 949 |
_a241.66 H28 _wDEWEY _c1 _i56717 _lCCODEBUL1 _mBUL _p8.00 _r0 _sY _tBOOK _u2015-6-25 _xTEOLOGIA _zUNKNOWN _0COMPRA _o.STAFF. Colección General |
||
| 994 |
_aC0 _bPEPRU |
||
| 596 | _a1 | ||
| 999 |
_a241.66 H28 _wDEWEY _c45870 _i56717 _f2021-11-11 _g5 _lCCODEBUL1 _mBUL _p8.00 _r0 _sY _tBOOK _u2015-6-25 _xTEOLOGIA _PP35 _0COMPRA _o.STAFF. Colección Teología _d45870 |
||
| 980 |
_81 _gALBERTO SANCHEZ Responsable de Automatización |
||